| 000 | 01337nam0a2200313 4500 | ||
|---|---|---|---|
| 001 | RU\NLR\BIBL_A\011655631 | ||
| 005 | 20180405160655.0 | ||
| 010 |
_a978-5-91818-547-6 _9500 |
||
| 021 |
_aRU _bКН-П-18-009502 _9КН-П-18-0661 |
||
| 035 | _a(NLR Aleph) 011655631 | ||
| 035 | _a(RuMoRGB)009539962 | ||
| 090 |
_a11153213 _c11153213 |
||
| 100 | _a20180314d2018 u y0rusy50 ca | ||
| 101 | 0 | _arus | |
| 102 | _aRU | ||
| 105 | _aa|||zzzz0|1zy | ||
| 200 | 1 |
_aИстория политических и правовых учений _eучебно-методическое пособие для студентов вузов _fС. Л. Мерзляков, С. В. Зубов |
|
| 210 |
_aСаратов _cКУБиК _d2018 |
||
| 215 |
_a152, [2] с. _cил., табл. _d21 |
||
| 320 | _aБиблиогр.: с. 119-152 и в подстроч. примеч. | ||
| 606 | 1 |
_aПолитические учения _xИстория _jУчебно-методические пособия _2nlr_sh1 _2nlr_sh2 _3RU\NLR\AUTH\66151523 |
|
| 686 | 1 | _aХ1(0)я7 | |
| 700 | 1 |
_aМерзляков _bС. Л. _gСергей Леонидович |
|
| 701 | 1 |
_aЗубов _bС. В. _gСергей Васильевич |
|
| 942 | _cBOOK | ||
| 980 | _aNBR | ||
| 980 | _aNB | ||